000
00313nam a22001337a 4500
008
230627b ||||| |||| 00| 0 eng d
041
_a
eng
080
_a
101
082
_a
101WEI
100
_a
44
101
_a
FILO
245
_a
HEGEL'S CRITIQUE OF ARISTOTLE'S PHILOSOPHY OF MIND
_c
WEISS.G.F
942
_2
udc
_c
BK
999
_c
60049
_d
60049